| 000 | 00771nam a2200205 a 4500 | ||
|---|---|---|---|
| 001 | 000041275 | ||
| 005 | 20201002034740.0 | ||
| 008 | 130927s1978 sp a 001 0 spa d | ||
| 020 | _a8400037669 | ||
| 040 |
_aDO-SdBNP _bspa _cBNPHU |
||
| 082 |
_axxxxx _bxxxxx |
||
| 100 | 1 |
_aSarabia Viejo, Ma. Justina _967560 |
|
| 245 | 1 | 0 |
_aDon Luis de Velasco virrey de Nueva España 1550-1564 / _cMa. Justina Sarabia Viejo ; prólogo José Antonio Calderón Quijano. |
| 260 |
_aSevilla, : _bCSIC, _c1978. |
||
| 300 |
_a541 p. : _bil. ; _c25 cm. |
||
| 500 | _aIncluye índice de nombres y lugares | ||
| 504 | _aIncluye referencias bibliográficas y notas al pie de las páginas | ||
| 504 | _aBibliografías : p. 485-507 | ||
| 700 | 1 |
_aCalderón Quijano, José Antonio, _epról. _915455 |
|
| 999 |
_c40765 _d40765 |
||